baby queen kid genuis lyric quiz - Statistics

General Stats
  • This quiz has been taken 4 times
  • The average score is 210 of 315
Answer Stats
Hint Answer % Correct
15
100%
a
100%
A
100%
all
100%
Anyone
100%
at
100%
back
100%
be
100%
best
100%
Can
100%
can
100%
device
100%
don't
100%
even
100%
fame
100%
friends
100%
go
100%
good
100%
hope
100%
I
100%
in
100%
into
100%
life
100%
light
100%
Looking
100%
mind
100%
of
100%
on
100%
online
100%
online,
100%
people
100%
recognise
100%
ring
100%
seconds
100%
small
100%
spare
100%
That
100%
the
100%
time
100%
to
100%
turn
100%
turns
100%
up
100%
using
100%
We
100%
Verse Welcome
100%
with
100%
world
100%
you
100%
You
100%
your
100%
And
50%
and
50%
are
50%
Because
50%
Better
50%
communicate
50%
day
50%
document
50%
dull
50%
enigma,
50%
For
50%
genius
50%
given
50%
gotta
50%
habit
50%
have
50%
human
50%
intelligence
50%
internet
50%
irrelevant
50%
is
50%
It
50%
it's
50%
It's
50%
I've
50%
kick
50%
kid
50%
kids
50%
minutes
50%
not
50%
nothing
50%
okay
50%
only
50%
race
50%
Reality
50%
recommend
50%
say
50%
screen
50%
sit
50%
so
50%
stuck
50%
takes
50%
talent
50%
tedious
50%
They
50%
think
50%
try
50%
Try
50%
two
50%
voice
50%
we've
50%
when
50%
Yeah
50%
Yeah,
50%
yeah,
50%
yeah
50%
you'll
50%
cool
0%
disable
0%
ever
0%
fool
0%
If
0%
if
0%
Just
0%
Never
0%
punctuate
0%
remember
0%
Rule
0%
school
0%
sell
0%
spirit
0%
super
0%
uncool
0%
uppercase
0%
wanna
0%
No matching quizzes found
Score Distribution
Percent of People with Each Score
Percentile by Number Answered
Your Score History
You have not taken this quiz